IFM Opac

The Directory of British Importers (Record no. 13750)

MARC details
000 -LEADER
fixed length control field 00300nam a22001217a 4500
020 ## - INTERNATIONAL STANDARD BOOK NUMBER
International Standard Book Number 0 904783 00 6
082 ## - DEWEY DECIMAL CLASSIFICATION NUMBER
Classification number REF 382.0943 DIR
245 ## - TITLE STATEMENT
Title The Directory of British Importers
250 ## - EDITION STATEMENT
Edition statement 1st ed
260 ## - PUBLICATION, DISTRIBUTION, ETC.
Place of publication, distribution, etc. London
Name of publisher, distributor, etc. Trade Research Publications
Date of publication, distribution, etc. 1975
300 ## - PHYSICAL DESCRIPTION
Extent xvi,190p
Other physical details 30cm
942 ## - ADDED ENTRY ELEMENTS (KOHA)
Koha item type Books
Holdings
Withdrawn status Lost status Damaged status Not for loan Collection code Home library Current library Shelving location Date acquired Total Checkouts Full call number Barcode Date last seen Price effective from Koha item type
        Reference IFM Main Campus Library IFM Main Campus Library Archival Collection 11/10/2015   REF 382.0943 DIR 0000015341 11/10/2015 02/19/2022 Reference